[Event "FIDE World Rapid 2013"]
[Site "Khanty-Mansiysk RUS"]
[Date "2013.06.08"]
[Round "11.10"]
[White "Bologan, Viktor"]
[Black "Moiseenko, Alexander"]
[Result "1-0"]
[WhiteTitle "GM"]
[BlackTitle "GM"]
[WhiteElo "2672"]
[BlackElo "2711"]
[WhiteFideId "13900048"]
[BlackFideId "14102560"]
[EventDate "2013.06.06"]

1. e4 c5 2. Nf3 Nc6 3. d4 cxd4 4. Nxd4 Nf6 5. Nc3 e5 6. Ndb5 d6 7. Bg5 a6 8. Na3
b5 9. Nd5 Be7 10. Bxf6 Bxf6 11. c4 b4 12. Nc2 O-O 13. h4 a5 14. g3 Be6 15. Bg2
Rc8 16. Nce3 Nd4 17. Qd3 g6 18. O-O-O Bg7 19. Kb1 f5 20. f4 b3 21. a3 Nc2 22. h5
exf4 23. gxf4 Nxe3 24. Qxe3 Bxd5 25. Rxd5 fxe4 26. hxg6 Qf6 27. Rd2 d5 28. cxd5
Rc2 29. Qxb3 Rxd2 30. d6+ Rf7 31. Qxf7+ Qxf7 32. gxf7+ Kxf7 33. Bxe4 Rxd6 34.
Bxh7 Rb6 35. Rh2 Rh6 36. Rxh6 Bxh6 37. f5 a4 38. Kc2 Kf6 39. b3 axb3+ 40. Kxb3
Ke5 41. Kc4 Bg5 42. a4 Kd6 43. Kb5 Kc7 44. Bg8 Kb7 45. Bd5+ Kc7 46. a5 Kd6 47.
a6 Be3 48. f6 Kxd5 1-0

[Event "FIDE World Rapid 2013"]
[Site "Khanty-Mansiysk RUS"]
[Date "2013.06.08"]
[Round "11.11"]
[White "Mamedov, Rauf"]
[Black "Riazantsev, Alexander"]
[Result "1/2-1/2"]
[WhiteTitle "GM"]
[BlackTitle "GM"]
[WhiteElo "2637"]
[BlackElo "2708"]
[WhiteFideId "13401653"]
[BlackFideId "4125029"]
[EventDate "2013.06.06"]

1. e4 e6 2. d4 d5 3. Nd2 c5 4. Ngf3 cxd4 5. exd5 Qxd5 6. Bc4 Qd8 7. O-O a6 8.
Nb3 Nc6 9. Nbxd4 Nxd4 10. Nxd4 Bd6 11. Bb3 Ne7 12. c3 O-O 13. Qe2 Qc7 14. h3 Ng6
15. Rd1 b6 16. Bc2 Bc5 17. Be4 Bb7 18. Bxb7 Qxb7 19. Be3 Rfd8 20. Nf3 Bxe3 21.
Qxe3 b5 22. Rd4 h6 23. Rad1 Qc7 24. Qe4 Rac8 25. h4 Rxd4 26. Qxd4 Ne7 27. Qd6
Nc6 28. Qxc7 1/2-1/2

[Event "FIDE World Rapid 2013"]
[Site "Khanty-Mansiysk RUS"]
[Date "2013.06.08"]
[Round "11.12"]
[White "Nguyen, Ngoc Truong Son"]
[Black "Grachev, Boris"]
[Result "1-0"]
[WhiteTitle "GM"]
[BlackTitle "GM"]
[WhiteElo "2625"]
[BlackElo "2683"]
[WhiteFideId "12401110"]
[BlackFideId "4129199"]
[EventDate "2013.06.06"]

1. d4 d5 2. c4 c6 3. cxd5 cxd5 4. Nc3 Nf6 5. Bf4 Nc6 6. e3 a6 7. Bd3 Bg4 8. Nge2
Bxe2 9. Qxe2 e6 10. O-O Be7 11. Rac1 O-O 12. Na4 Nd7 13. a3 Re8 14. b4 Bf8 15.
Rfd1 Rc8 16. Qb2 Qe7 17. Nc5 Nxc5 18. bxc5 Red8 19. Bd6 Qd7 20. Bg3 Qe7 21. Rc3
Rd7 22. Rb3 Nd8 23. Rb6 g6 24. Bc2 Nc6 25. Ba4 e5 26. Bxc6 Rxc6 27. Bxe5 Rxb6
28. Qxb6 Bg7 29. Bd6 Qe4 30. Qb1 Qe8 31. Qb3 Bf8 32. Bxf8 Kxf8 33. Qa4 Qe6 34.
Rb1 Kg7 35. Rb6 Qe7 36. Qb4 h5 37. h3 Rc7 38. Rd6 Rd7 39. Rb6 Rc7 40. Qb3 Rd7
41. a4 h4 42. a5 Kg8 43. c6 bxc6 44. Rxc6 Kg7 45. Rxa6 Qd8 46. Qb6 Rc7 47. Kh2
Qe7 48. Qd6 Qxd6+ 49. Rxd6 Rc2 50. Rxd5 Rxf2 51. a6 Ra2 52. Rd6 f5 53. Rd7+ Kf6
54. a7 g5 55. Kg1 g4 56. Rh7 g3 57. Kf1 Ke6 58. Rxh4 Kd5 59. Rf4 Kc4 60. a8=Q
Rxa8 61. Ke2 Ra2+ 62. Kf3 Kd3 63. d5 1-0

[Event "FIDE World Rapid 2013"]
[Site "Khanty-Mansiysk RUS"]
[Date "2013.06.08"]
[Round "11.13"]
[White "Khismatullin, Denis"]
[Black "Rakhmanov, Aleksandr"]
[Result "1/2-1/2"]
[WhiteTitle "GM"]
[BlackTitle "GM"]
[WhiteElo "2658"]
[BlackElo "2602"]
[WhiteFideId "4142578"]
[BlackFideId "4173708"]
[EventDate "2013.06.06"]

1. d4 e6 2. c4 Bb4+ 3. Nc3 c5 4. a3 Bxc3+ 5. bxc3 Nc6 6. e4 b6 7. Nf3 Nge7 8.
Bd3 Ba6 9. Bg5 h6 10. Bh4 Na5 11. Qe2 d6 12. O-O Rc8 13. Rac1 Qd7 14. e5 d5 15.
cxd5 Bxd3 16. Qxd3 c4 17. dxe6 fxe6 18. Qc2 Nd5 19. Nd2 O-O 20. Bg3 Nb3 21. Nxb3
cxb3 22. Qxb3 b5 23. c4 bxc4 24. Rxc4 Rxc4 25. Qxc4 Rc8 26. Qa6 Rc6 27. Qe2 Nc3
28. Qf3 Rc4 29. h3 Qxd4 30. Kh2 Qe4 31. Qh5 Kh7 32. Qf7 Qg6 33. Qxa7 Ra4 34. Qb7
Qd3 35. Re1 Rxa3 36. Qb2 Nd5 37. Rc1 Rb3 38. Qa2 Ra3 39. Qb2 Rb3 40. Qa2 Ra3 41.
Qc4 Qxc4 42. Rxc4 Kg6 43. Rc6 Kf7 44. Rc8 Ra4 45. Rb8 Re4 46. Rb7+ Kg8 47. Rb2
Kf7 48. f3 Rb4 49. Ra2 h5 50. Bf2 h4 51. Ra7+ Kg6 52. Bc5 Rb8 53. Ra4 Kh5 54.
Ra7 g5 55. Be7 Kg6 56. Bc5 Rb2 57. Kg1 Rb1+ 58. Kh2 Rb2 59. Kg1 Nf4 60. Bf2 Rb1+
61. Kh2 Rb2 62. Kg1 Rb1+ 63. Kh2 Rf1 64. Ra2 Kf5 65. Rd2 Nh5 1/2-1/2

[Event "FIDE World Rapid 2013"]
[Site "Khanty-Mansiysk RUS"]
[Date "2013.06.08"]
[Round "11.16"]
[White "Vasquez Schroeder, Rodrigo"]
[Black "Safarli, Eltaj"]
[Result "1/2-1/2"]
[WhiteTitle "GM"]
[BlackTitle "GM"]
[WhiteElo "2542"]
[BlackElo "2660"]
[WhiteFideId "3400042"]
[BlackFideId "13402129"]
[EventDate "2013.06.06"]

1. d4 Nf6 2. c4 g6 3. g3 Bg7 4. Bg2 d5 5. cxd5 Nxd5 6. e4 Nb6 7. Ne2 c5 8. d5 e6
9. O-O O-O 10. Nec3 Na6 11. a4 exd5 12. exd5 Nc4 13. Nd2 Ne5 14. Nde4 Bg4 15. f3
Bd7 16. d6 h6 17. Nd5 f5 18. Nec3 c4 19. Be3 Bc6 20. Ne7+ Kh7 21. Nxc6 bxc6 22.
f4 Nd3 23. Bxc6 Qxd6 24. Bxa8 Rxa8 25. Qf3 Re8 26. Kh1 Nxb2 27. Nb5 Qd7 28. Bxa7
Nxa4 29. Rab1 c3 30. Nxc3 Nxc3 31. Rb7 Qd2 32. Rxg7+ Kxg7 33. Qb7+ Kg8 34. Qxa6
Qd5+ 35. Kg1 Qf7 36. Bf2 Kh7 37. Re1 Rxe1+ 38. Bxe1 Ne4 39. Bf2 Qd7 40. Qa7 Qxa7
41. Bxa7 Kg7 42. Kg2 h5 43. h3 Kf7 44. Be3 Ke6 45. Kf3 Nf6 46. Bd4 Nd7 1/2-1/2

[Event "FIDE World Rapid 2013"]
[Site "Khanty-Mansiysk RUS"]
[Date "2013.06.08"]
[Round "11.17"]
[White "Rublevsky, Sergei"]
[Black "Salem, A.R. Saleh"]
[Result "0-1"]
[WhiteTitle "GM"]
[BlackTitle "GM"]
[WhiteElo "2695"]
[BlackElo "2531"]
[WhiteFideId "4115309"]
[BlackFideId "9301348"]
[EventDate "2013.06.06"]

1. e4 c5 2. Nf3 d6 3. d4 cxd4 4. Nxd4 Nf6 5. Nc3 Nc6 6. Bc4 e6 7. Be3 Be7 8. Bb3
O-O 9. Qe2 a6 10. O-O-O Qc7 11. Rhg1 Nd7 12. g4 Nc5 13. Nf5 b5 14. Nxe7+ Nxe7
15. Qd2 Rd8 16. Bf4 b4 17. Na4 Nxe4 18. Qxb4 Bb7 19. f3 a5 20. Qb6 Qxb6 21. Nxb6
Ra6 22. fxe4 Rxb6 23. Be3 Rb5 24. c4 Re5 25. Bb6 Rc8 26. Rxd6 Bxe4 27. Kd2 Bc6
28. Bc2 h5 29. h3 a4 30. b4 axb3 31. axb3 Bf3 32. Bd4 Re2+ 33. Kc3 hxg4 34. Bd1
Nf5 35. Bxe2 Bxe2 36. Ra6 Rd8 37. Be5 gxh3 38. Rh1 Rd3+ 39. Kb4 Bd1 40. Ra3 f6
41. Bb8 Nd4 42. Kc5 Nxb3+ 43. Kb6 Bg4 44. Ra4 Nd4 45. c5 Rb3+ 46. Kc7 e5 47. Ba7
Kf7 48. Bb6 Ne6+ 49. Kb8 Nxc5 50. Rxg4 Rxb6+ 51. Kc7 Rb3 52. Kd6 Ne6 53. Ra1
Rd3+ 54. Kc6 g5 0-1

[Event "FIDE World Rapid 2013"]
[Site "Khanty-Mansiysk RUS"]
[Date "2013.06.08"]
[Round "11.18"]
[White "Sargissian, Gabriel"]
[Black "Pridorozhni, Aleksei"]
[Result "1-0"]
[WhiteTitle "GM"]
[BlackTitle "GM"]
[WhiteElo "2671"]
[BlackElo "2512"]
[WhiteFideId "13300881"]
[BlackFideId "4127870"]
[EventDate "2013.06.06"]

1. d4 d6 2. Nf3 Nf6 3. c4 Nbd7 4. Nc3 e5 5. Bg5 Be7 6. e3 O-O 7. Qc2 c6 8. Be2
Re8 9. h3 a6 10. O-O b5 11. dxe5 dxe5 12. Rfd1 Qb6 13. Nd2 Bb7 14. Nde4 b4 15.
Bxf6 Nxf6 16. Nxf6+ Bxf6 17. Ne4 c5 18. Nd6 Re7 19. Nxb7 Qxb7 20. Rd5 e4 21.
Rxc5 Rc8 22. Rd1 g6 23. Rxc8+ Qxc8 24. c5 Rc7 25. Rc1 Rc6 26. b3 Kg7 27. Qc4 Bc3
28. Rxc3 bxc3 29. Qxc3+ f6 30. b4 Qe6 31. Bc4 Qe7 32. Bd5 Rc8 33. Qc4 a5 34. a3
axb4 35. axb4 f5 36. g3 h5 37. h4 Kh6 38. Kg2 Qe5 39. c6 Qc7 40. b5 Rb8 41. Qc5
Kg7 42. Bc4 Kh7 43. Qd4 Kh6 44. Qf6 1-0

[Event "FIDE World Rapid 2013"]
[Site "Khanty-Mansiysk RUS"]
[Date "2013.06.08"]
[Round "11.19"]
[White "Kabanov, Nikolai"]
[Black "Kurnosov, Igor"]
[Result "0-1"]
[WhiteTitle "GM"]
[BlackTitle "GM"]
[WhiteElo "2472"]
[BlackElo "2657"]
[WhiteFideId "4127820"]
[BlackFideId "4142527"]
[EventDate "2013.06.06"]

1. e4 c5 2. Nf3 d6 3. c3 Nf6 4. Be2 Nbd7 5. Qc2 Qc7 6. d4 cxd4 7. Nxd4 g6 8. c4
Bg7 9. Nc3 O-O 10. O-O a6 11. a4 b6 12. a5 bxa5 13. Nb3 a4 14. Rxa4 Nb6 15. Ra1
Be6 16. c5 dxc5 17. Rxa6 Rxa6 18. Bxa6 Ng4 19. g3 c4 20. Nd2 Ra8 21. Bb5 Ra5 22.
Ndb1 Qc5 23. h3 Ne5 24. Be3 Nf3+ 25. Kg2 Qh5 26. h4 Nxh4+ 27. gxh4 Bh3+ 28. Kh2
Qf3 0-1

[Event "FIDE World Rapid 2013"]
[Site "Khanty-Mansiysk RUS"]
[Date "2013.06.08"]
[Round "11.20"]
[White "Lagno, Kateryna"]
[Black "Gundavaa, Bayarsaikhan"]
[Result "0-1"]
[WhiteTitle "GM"]
[BlackTitle "GM"]
[WhiteElo "2542"]
[BlackElo "2516"]
[WhiteFideId "14109336"]
[BlackFideId "4901045"]
[EventDate "2013.06.06"]

1. e4 c5 2. Nf3 d6 3. d4 cxd4 4. Nxd4 Nf6 5. Nc3 a6 6. Be2 e5 7. Nb3 Be7 8. O-O
O-O 9. Re1 Be6 10. Bf3 Nbd7 11. a4 Qc7 12. a5 Rfc8 13. Be3 h6 14. Qd2 Rab8 15.
Rec1 b5 16. axb6 Nxb6 17. Na5 Rd8 18. Rd1 d5 19. Bxb6 Rxb6 20. exd5 e4 21. Nxe4
Nxd5 22. c4 Nf4 23. Qc2 Rxd1+ 24. Rxd1 Rb5 25. Nc6 Rb6 26. Nxe7+ Qxe7 27. Qd2
Ng6 28. c5 Rb3 29. Rc1 Ne5 30. Be2 Qb7 31. c6 Nxc6 32. Nc5 Rxb2 33. Qd1 Qe7 34.
Nxa6 Bb3 35. Qd3 Qxe2 36. Qxe2 Rxe2 37. h3 Rc2 38. Re1 Nd4 39. Nb4 Rd2 40. Re3
Bc4 41. h4 Rb2 42. Nd3 Bxd3 43. Rxd3 Ne6 44. g3 g5 45. hxg5 hxg5 46. Kg2 Kg7 47.
Rd5 g4 48. Re5 Kf6 49. Re4 Kf5 50. Ra4 Nc5 51. Rf4+ Ke6 52. Rxg4 Nd3 53. Re4+
Kf5 54. Rd4 Rxf2+ 55. Kh3 Rd2 56. Ra4 f6 57. Rc4 Ne5 58. Rf4+ Kg5 59. Rg4+ Kf5
60. Rf4+ Ke6 61. Ra4 Rc2 62. Ra6+ Kf5 63. Ra5 Kg6 64. Ra6 Nf3 65. Kg4 Ng5 66.
Kh4 Rc4+ 67. g4 Rc3 68. Rxf6+ Kxf6 0-1

[Event "FIDE World Rapid 2013"]
[Site "Khanty-Mansiysk RUS"]
[Date "2013.06.08"]
[Round "11.21"]
[White "Dubov, Daniil"]
[Black "Al-Sayed, Mohammed"]
[Result "1-0"]
[WhiteTitle "GM"]
[BlackTitle "GM"]
[WhiteElo "2638"]
[BlackElo "2498"]
[WhiteFideId "24126055"]
[BlackFideId "12100196"]
[EventDate "2013.06.06"]

1. d4 d5 2. c4 c6 3. Nf3 Nf6 4. Nc3 e6 5. Bg5 Nbd7 6. cxd5 exd5 7. e3 Qa5 8. Bd3
Ne4 9. O-O Nxg5 10. Nxg5 Be7 11. Nf3 O-O 12. h3 Nf6 13. a3 Bd6 14. Ne5 Be6 15.
f4 Rae8 16. Qe1 a6 17. Rc1 Qd8 18. Qh4 Be7 19. Qf2 Nd7 20. f5 Nxe5 21. dxe5 Bg5
22. fxe6 Rxe6 23. Rcd1 Rxe5 24. e4 Qe7 25. Kh1 dxe4 26. Nxe4 Bh6 27. Nd6 Be3 28.
Qf3 g6 29. Bc4 Kg7 30. Nxb7 f5 31. Qxc6 1-0

[Event "FIDE World Rapid 2013"]
[Site "Khanty-Mansiysk RUS"]
[Date "2013.06.08"]
[Round "11.22"]
[White "Artemiev, Vladislav"]
[Black "Potapov, Pavel"]
[Result "1-0"]
[WhiteTitle "IM"]
[BlackTitle "IM"]
[WhiteElo "2524"]
[BlackElo "2460"]
[WhiteFideId "24101605"]
[BlackFideId "4169786"]
[EventDate "2013.06.06"]

1. Nf3 f5 2. g3 Nf6 3. Bg2 d6 4. O-O g6 5. d4 Bg7 6. c4 O-O 7. b4 a5 8. b5 Qe8
9. Ba3 Nbd7 10. Nc3 e5 11. dxe5 Nxe5 12. Nxe5 Qxe5 13. Rc1 Rd8 14. Re1 Rb8 15.
e4 f4 16. Nd5 Nxd5 17. cxd5 Rd7 18. Qd2 fxg3 19. hxg3 b6 20. Rc2 Rf7 21. Bb2 Qh5
22. Bxg7 Rxg7 23. e5 Bh3 24. e6 Bxg2 25. Kxg2 Re8 26. Qd3 g5 27. Rh1 Qg6 28.
Qxg6 hxg6 29. Rhc1 Ree7 30. Kf3 Rh7 31. Kg4 Kf8 32. Rc6 Reg7 33. a4 Re7 34. R1c3
Reg7 35. Rf3+ Ke8 36. Rfc3 Kf8 37. f3 Re7 38. R3c4 Reg7 39. Kxg5 Rh5+ 40. Kg4
Rxd5 41. Rxc7 Rxc7 42. Rxc7 Re5 43. Rb7 Rxe6 44. Rxb6 Ke7 45. Ra6 Re3 46. Rxa5
Rb3 47. Ra6 Ke6 48. b6 d5 49. a5 Ke5 50. Ra7 d4 51. Rd7 d3 52. Rxd3 Rxd3 53. b7
Rb3 54. a6 1-0

[Event "FIDE World Rapid 2013"]
[Site "Khanty-Mansiysk RUS"]
[Date "2013.06.08"]
[Round "11.23"]
[White "Popov, Ivan RUS"]
[Black "Smirin, Ilia"]
[Result "0-1"]
[WhiteTitle "GM"]
[BlackTitle "GM"]
[WhiteElo "2632"]
[BlackElo "2663"]
[WhiteFideId "4170350"]
[BlackFideId "2801990"]
[EventDate "2013.06.06"]

1. e4 c5 2. Nf3 e6 3. d4 cxd4 4. Nxd4 a6 5. Be2 Nf6 6. Nc3 d6 7. O-O Nbd7 8. a4
b6 9. f4 Bb7 10. Bf3 Qc7 11. g4 h6 12. Qe2 g6 13. Be3 Bg7 14. f5 e5 15. Nb3 gxf5
16. gxf5 Rc8 17. Rad1 Bf8 18. Nd2 h5 19. Kh1 Bh6 20. Bxh6 Rxh6 21. Rg1 Ke7 22.
Nf1 Qc4 23. Qd2 Nxe4 24. Qxh6 Nf2+ 25. Kg2 Bxf3+ 26. Kxf2 Bxd1 27. Ne3 Qh4+ 28.
Kf1 Nf6 29. Ncd5+ Nxd5 30. Nxd5+ Kd7 31. Nxb6+ Kc6 32. Qd2 Kxb6 33. Qxd6+ Kb7
34. Qd5+ Rc6 35. Qb3+ Ka7 36. Qxf7+ Kb6 37. Qb3+ Kc5 38. Qa3+ Qb4 39. Qe3+ Qd4
40. Qxd4+ Kxd4 41. c3+ Ke4 42. Rg6 Rxg6 43. fxg6 Bxa4 44. c4 Bb3 45. c5 Kd5 0-1

[Event "FIDE World Rapid 2013"]
[Site "Khanty-Mansiysk RUS"]
[Date "2013.06.08"]
[Round "11.24"]
[White "Gordievsky, Dmitry"]
[Black "Ghaem Maghami, Ehsan"]
[Result "1-0"]
[WhiteTitle "FM"]
[BlackTitle "GM"]
[WhiteElo "2474"]
[BlackElo "2554"]
[WhiteFideId "24112798"]
[BlackFideId "12500739"]
[EventDate "2013.06.06"]

1. d4 Nf6 2. c4 e6 3. Nf3 Bb4+ 4. Nbd2 O-O 5. a3 Be7 6. e4 d5 7. e5 Nfd7 8. Bd3
c5 9. h4 h6 10. b4 cxd4 11. Qe2 Re8 12. Nb3 dxc4 13. Bxc4 Nc6 14. Bd3 Qc7 15.
Bf4 f6 16. Rc1 fxe5 17. Bxh6 gxh6 18. Qe4 Nf8 19. b5 Bf6 20. bxc6 Rb8 21. Rh3
bxc6 22. Rg3+ Kh8 23. Nbd2 c5 24. Qg4 Qf7 25. Ne4 h5 26. Qh3 Bb7 27. Nfg5 Bxg5
28. Nxg5 Qxf2+ 29. Kxf2 1-0

[Event "FIDE World Rapid 2013"]
[Site "Khanty-Mansiysk RUS"]
[Date "2013.06.08"]
[Round "11.25"]
[White "Kobalia, Mikhail"]
[Black "Bezgodov, Alexei"]
[Result "0-1"]
[WhiteTitle "GM"]
[BlackTitle "GM"]
[WhiteElo "2651"]
[BlackElo "2482"]
[WhiteFideId "4119150"]
[BlackFideId "4105257"]
[EventDate "2013.06.06"]

1. e4 e5 2. Nf3 Nf6 3. d4 Nxe4 4. Bd3 d5 5. dxe5 Nc5 6. Be2 Bg4 7. h3 Bxf3 8.
Bxf3 c6 9. O-O Be7 10. b3 O-O 11. Bb2 Nbd7 12. Nd2 Re8 13. Re1 Bg5 14. Bg4 Qc7
15. Nf3 Bh6 16. Bxd7 Qxd7 17. Nh2 Qf5 18. Re2 Rad8 19. Qd4 Ne6 20. Qg4 Qxg4 21.
hxg4 d4 22. Rd1 Nf4 23. Re4 d3 24. c4 d2 25. g3 Nd3 26. Bc3 Nc1 27. f4 Nxa2 28.
Ba5 b6 29. Rxd2 Nc1 30. Rxd8 Rxd8 31. Be1 g5 32. b4 gxf4 33. gxf4 Bxf4 34. Nf3
Nd3 35. Bc3 h6 36. e6 fxe6 37. Rxe6 Rd6 38. Re7 Rg6 39. Rxa7 Rxg4+ 40. Kf1 Bd6
41. Ra8+ Kf7 42. Ra7+ Ke8 43. c5 bxc5 44. bxc5 Bxc5 45. Rh7 Rg3 46. Nh4 Nf4 47.
Rh8+ Kd7 48. Rh7+ Kc8 49. Ke1 Rxc3 50. Rxh6 Be3 0-1

[Event "FIDE World Rapid 2013"]
[Site "Khanty-Mansiysk RUS"]
[Date "2013.06.08"]
[Round "11.26"]
[White "Skatchkov, Pavel"]
[Black "Pasiev, Rakhim"]
[Result "0-1"]
[WhiteTitle "GM"]
[BlackTitle "IM"]
[WhiteElo "2486"]
[BlackElo "2384"]
[WhiteFideId "4121848"]
[BlackFideId "24122475"]
[EventDate "2013.06.06"]

1. d4 d6 2. Nf3 Nf6 3. g3 Nbd7 4. Bg2 e5 5. c4 Be7 6. Nc3 O-O 7. O-O c6 8. e4
Re8 9. Re1 Bf8 10. h3 a6 11. Qc2 b5 12. b3 Bb7 13. Be3 Rc8 14. dxe5 dxe5 15.
Rad1 Qc7 16. Nh2 Bc5 17. Nf1 Rcd8 18. Re2 Bxe3 19. Nxe3 Nc5 20. Red2 Ne6 21. Ne2
Rxd2 22. Rxd2 Rd8 23. Qc3 Rxd2 24. Qxd2 Qd7 25. Qxd7 Nxd7 26. h4 Ndc5 27. f3 b4
28. Bh3 a5 29. Bxe6 Nxe6 30. Kf2 Nc5 31. Nc2 f6 32. Ke3 Kf7 33. f4 Bc8 34. Nc1
Bg4 35. Nd3 Nd7 36. Nf2 h5 37. Ne1 g6 38. Ned3 Be6 39. fxe5 fxe5 40. Nd1 Ke7 41.
N1b2 Kd6 42. Na4 Bh3 43. c5+ Kc7 44. Ke2 Kb7 45. Kd2 Ka6 46. Nb6 Nf6 47. Ke3
Ng4+ 48. Ke2 Bg2 49. Nd7 Bxe4 50. N3xe5 Nxe5 51. Nxe5 Kb5 52. Nc4 Bb1 53. a4+
Kxc5 54. Nxa5 Be4 55. Kd2 Bd5 56. Kd3 Be6 57. Nb7+ Kb6 58. Nd6 Bxb3 59. Nc8+ Ka5
60. Ne7 c5 61. Nxg6 c4+ 62. Kd4 c3 63. Nf4 Kxa4 64. Kd3 Ka3 65. Ne2 Kb2 66. g4
Bd1 67. Kd4 0-1

[Event "FIDE World Rapid 2013"]
[Site "Khanty-Mansiysk RUS"]
[Date "2013.06.08"]
[Round "11.27"]
[White "Cherniaev, Alexander"]
[Black "Byambaa, Zulzaga"]
[Result "1/2-1/2"]
[WhiteTitle "GM"]
[BlackTitle "FM"]
[WhiteElo "2447"]
[BlackElo "2285"]
[WhiteFideId "4117301"]
[BlackFideId "4900642"]
[EventDate "2013.06.06"]

1. e4 d6 2. d4 g6 3. Nc3 Bg7 4. Nge2 e5 5. g3 Bg4 6. Qd3 Nd7 7. d5 Nc5 8. Qe3
Bh6 9. f4 Qe7 10. h3 Bc8 11. Bg2 exf4 12. gxf4 Qh4+ 13. Qg3 Qxg3+ 14. Nxg3 Ne7
15. O-O O-O 16. Be3 a6 17. Bd4 Bg7 18. Nce2 Bxd4+ 19. Nxd4 Bd7 20. Rad1 Na4 21.
Rb1 Rac8 22. Nge2 c6 23. b3 Nc5 24. dxc6 bxc6 25. Rbd1 Rfd8 26. Kh2 f5 27. exf5
Nxf5 28. Nxf5 Bxf5 29. Nd4 d5 30. Rfe1 Be4 31. b4 Na4 32. Bxe4 dxe4 33. Ne6 Rxd1
34. Rxd1 Nc3 35. Re1 Re8 36. Nc5 Rd8 37. Kg3 Rd2 38. Nxe4 Rxc2 39. Nxc3 Rxc3+
40. Kg4 h6 41. Re7 Rc4 42. a3 g5 43. Kh5 Kf8 44. Re5 gxf4 45. Kg4 Rc3 46. Ra5
Ke7 47. Kxf4 Rxh3 48. Rxa6 Kd7 49. Ke5 Re3+ 50. Kd4 Rg3 51. a4 h5 52. Kc5 Rc3+
53. Kb6 Rb3 54. Ka5 h4 55. Ra7+ Ke6 56. Rh7 h3 57. Rh5 Kf7 58. Rh6 Rc3 59. Kb6
Kg7 60. Rh4 Kg6 61. a5 Kg5 62. Rh8 Kg4 63. a6 Rb3 64. Rg8+ Kf3 65. Rg1 Rxb4+ 66.
Ka5 Rb5+ 67. Ka4 Rb6 68. Ka5 Rb5+ 69. Ka4 Rb8 70. Ka5 h2 71. Ra1 Kg2 72. Ra2+
Kg3 73. Ra3+ Kg2 74. Ra2+ Kg3 75. Ra3+ Kg4 76. Ra4+ Kg5 77. Ra1 Rb5+ 78. Ka4 Rb6
79. Ka5 Rb5+ 80. Ka4 Rb6 81. Ka5 Rb5+ 1/2-1/2

[Event "FIDE World Rapid 2013"]
[Site "Khanty-Mansiysk RUS"]
[Date "2013.06.08"]
[Round "11.28"]
[White "Nadanian, Ashot"]
[Black "Ram, S. Krishnan"]
[Result "1-0"]
[WhiteTitle "IM"]
[WhiteElo "2428"]
[BlackElo "2248"]
[WhiteFideId "13300393"]
[BlackFideId "5010519"]
[EventDate "2013.06.06"]

1. e4 e6 2. d4 d5 3. Nc3 Bb4 4. Ne2 dxe4 5. a3 Be7 6. Nxe4 Nd7 7. N2g3 Ngf6 8.
Bd3 b6 9. O-O Bb7 10. Be3 O-O 11. Qe2 Nxe4 12. Nxe4 Nf6 13. Ng5 h6 14. Nh3 Nd5
15. Bd2 Nf6 16. Be3 Qc8 17. Rad1 c5 18. Nf4 Rd8 19. c3 Qc7 20. dxc5 Bxc5 21.
Bxc5 Qxc5 22. Rfe1 Qg5 23. g3 Rac8 24. f3 Qc5+ 25. Kg2 g5 26. Nxe6 fxe6 27.
Qxe6+ Kg7 28. Qe7+ Qxe7 29. Rxe7+ Kf8 30. Rxb7 Nd5 31. Kf2 Nxc3 32. bxc3 Rxc3
33. Ke2 Rxa3 34. Rh7 Ra2+ 35. Rd2 1-0

[Event "FIDE World Rapid 2013"]
[Site "Khanty-Mansiysk RUS"]
[Date "2013.06.08"]
[Round "11.29"]
[White "Akbaev, Kazbek"]
[Black "Georgiev, Kiril"]
[Result "0-1"]
[WhiteTitle "IM"]
[BlackTitle "GM"]
[WhiteElo "2475"]
[BlackElo "2636"]
[WhiteFideId "4131045"]
[BlackFideId "2900017"]
[EventDate "2013.06.06"]

1. Nf3 Nf6 2. d4 d5 3. e3 c5 4. c3 Qc7 5. Ne5 g6 6. Bd3 Bg7 7. O-O O-O 8. f4 b6
9. Qe2 a5 10. Nd2 a4 11. Ndf3 Ba6 12. Bxa6 Nxa6 13. Bd2 e6 14. g4 Ne4 15. g5 b5
16. Be1 Qb7 17. Nd2 Nd6 18. h4 b4 19. dxc5 Nxc5 20. cxb4 Qxb4 21. h5 Qxb2 22.
Rb1 Qxa2 23. hxg6 hxg6 24. Ng4 Nce4 25. Nh6+ Bxh6 26. gxh6 Kh7 27. Qd3 Nxd2 28.
Bxd2 Qc4 29. Qa3 Nf5 30. Rf2 Rfb8 31. Rc1 Qb3 32. Qc5 a3 33. Qc7 Rb7 34. Qe5 Qb2
35. Rc3 a2 36. Bc1 Qxc3 37. Qxc3 a1=Q 38. Qc6 Rb1 39. Rc2 Nxh6 40. Kg2 Ra2 0-1

[Event "FIDE World Rapid 2013"]
[Site "Khanty-Mansiysk RUS"]
[Date "2013.06.08"]
[Round "12.1"]
[White "Movsesian, Sergei"]
[Black "Nepomniachtchi, Ian"]
[Result "1/2-1/2"]
[WhiteTitle "GM"]
[BlackTitle "GM"]
[WhiteElo "2699"]
[BlackElo "2717"]
[WhiteFideId "310204"]
[BlackFideId "4168119"]
[EventDate "2013.06.06"]

1. c4 Nf6 2. Nc3 c5 3. Nf3 d5 4. cxd5 Nxd5 5. g3 Nc6 6. Bg2 e6 7. d4 Be7 8. O-O
O-O 9. Nxd5 exd5 10. dxc5 Bxc5 11. Bg5 Qd7 12. a3 Bb6 13. Qd3 Re8 14. Rfd1 h6
15. Bf4 Qf5 16. Qxf5 Bxf5 17. Kf1 Rad8 18. Rac1 Be4 19. Ne1 g5 20. Bd2 d4 21.
Bxe4 Rxe4 22. Nd3 Rde8 23. Re1 R4e7 24. b4 a6 25. a4 Kg7 26. Rc2 f6 27. a5 Ba7
28. Bc1 Rd7 29. Bb2 Rd5 30. Rec1 Re6 31. Rc4 Rb5 32. R1c2 Kg6 33. Bc1 Bb8 34.
Nc5 Re7 35. Bd2 Ba7 36. Nxa6 Rbe5 37. Nc5 Bxc5 38. Rxc5 Rxe2 39. a6 d3 40. Rb2
Nd4 41. a7 Re8 42. Rd5 Nc6 43. Rxd3 Nxa7 44. b5 b6 45. Rd7 R2e7 46. Rxe7 Rxe7
47. Be3 Re5 1/2-1/2

[Event "FIDE World Rapid 2013"]
[Site "Khanty-Mansiysk RUS"]
[Date "2013.06.08"]
[Round "12.3"]
[White "Khairullin, Ildar"]
[Black "Inarkiev, Ernesto"]
[Result "1/2-1/2"]
[WhiteTitle "GM"]
[BlackTitle "GM"]
[WhiteElo "2658"]
[BlackElo "2680"]
[WhiteFideId "4151348"]
[BlackFideId "4162722"]
[EventDate "2013.06.06"]

1. e4 c5 2. Nf3 d6 3. d4 cxd4 4. Qxd4 Nf6 5. Bb5+ Bd7 6. c4 g6 7. Nc3 Bg7 8. O-O
O-O 9. Qd3 Bg4 10. Nd4 a6 11. Ba4 Bd7 12. Bc2 Nc6 13. Nxc6 Bxc6 14. Qe2 Nd7 15.
Bd2 Qc7 16. Rab1 Rfc8 17. Rfc1 Qd8 18. b4 Nf8 19. Nd5 Ne6 20. Be3 Nd4 21. Qd3 e5
22. Bb3 a5 23. b5 Bxd5 24. cxd5 Rxc1+ 25. Rxc1 Rc8 26. Rxc8 Qxc8 27. Bxd4 exd4
28. g3 b6 29. Kg2 Qc3 30. Bc4 Bf6 31. f4 Kg7 32. Kf3 1/2-1/2

[Event "FIDE World Rapid 2013"]
[Site "Khanty-Mansiysk RUS"]
[Date "2013.06.08"]
[Round "12.4"]
[White "Grischuk, Alexander"]
[Black "Guseinov, Gadir"]
[Result "1-0"]
[WhiteTitle "GM"]
[BlackTitle "GM"]
[WhiteElo "2779"]
[BlackElo "2631"]
[WhiteFideId "4126025"]
[BlackFideId "13401378"]
[EventDate "2013.06.06"]

1. c4 g6 2. g3 Bg7 3. Bg2 d6 4. Nc3 e5 5. e4 Nc6 6. d3 Nge7 7. Nge2 Be6 8. Nd5
h6 9. O-O Qd7 10. Be3 Rc8 11. b4 Nd4 12. Nxd4 exd4 13. Bd2 Bh3 14. Bxh3 Qxh3 15.
Qa4+ Nc6 16. f4 Qd7 17. b5 Ne7 18. Nxe7 Qxe7 19. Qxa7 b6 20. Qb7 Qd7 21. f5 Be5
22. fxg6 fxg6 23. Bf4 Bxf4 24. Rxf4 Rf8 25. Raf1 Rxf4 26. Rxf4 Ke7 27. Qd5 Rf8
28. Rxf8 Kxf8 29. Qxd4 Qg4 30. Kf2 h5 31. Qf6+ Ke8 32. h3 Qxh3 33. Qxg6+ Ke7 34.
Qg5+ Ke8 35. Qh4 1-0